Historia de Valparaíso

Guardat en:
Dades bibliogràfiques
Autor principal: Vicuña Mackenna, Benjamín, 1831-1886 (Autor)
Format: Llibre
Idioma:espanyol
Publicat: Santiago Universidad de Chile 1936
Edició:3a. ed
Col·lecció:Obras Completas de Vicuña Mackenna, III y IV
Matèries:
Etiquetes: Afegir etiqueta
Sense etiquetes, Sigues el primer a etiquetar aquest registre!

MARC

LEADER 00000nam a2200000 a 4500
001 UCJ8044
003 CL-VaPUC
008 070124e19360818CL |||||||||||||||||spa|d
082 0 4 |a 983  |b VIC  |2 21 
100 |a Vicuña Mackenna, Benjamín,  |d 1831-1886  |x Político e historiador   |z Chile   |e author  |9 374 
245 1 0 |a Historia de Valparaíso 
250 |a 3a. ed 
300 |a 2 v 
651 0 |a Valparaíso, Chile  |9 261144 
942 |c BK 
945 |d 20070124 00:00:00  |a rinostro 
260 |a Santiago  |b Universidad de Chile  |c 1936 
500 |a Las ilustraciones del volumen I están conforme con lo señalado en el Indice, excepto el Plano de las Fortificaciones, de la p. 532, que falta.- Las del v. II, conforme a lo señalado.- Benelli, 50. Se ubica junto a colección Valpaaíso 
600 0 7 |a SAAVEDRA, JUAN DE  |2 CL-VaPUC  |9 516755 
600 0 |a Drake, Francis  |9 468873 
600 0 7 |a CAVENDISH, THOMAS  |2 CL-VaPUC  |9 510880 
600 0 7 |a GALLEGOS LAMERO, HERNANDO  |2 CL-VaPUC  |9 516756 
600 0 7 |a FERNANDEZ, JUAN  |2 CL-VaPUC  |9 444818 
600 0 7 |a HAWKINS, JOHN  |2 CL-VaPUC  |9 509265 
600 0 7 |a SPILBERGEN, JORGE  |2 CL-VaPUC  |9 509039 
600 0 7 |a NOORT, OLIVEIRO DE  |2 CL-VaPUC  |9 516757 
600 0 7 |a SHOUTEN, GUILLERMO  |2 CL-VaPUC  |9 516758 
650 0 |a Historia de Chile  |9 265473 
650 0 |a Historia local  |9 266584 
650 0 |a Iconografía   |9 267998 
650 0 |a Ilustraciones  |9 369481 
650 7 |a HOLANDESES  |2 CL-VaPUC  |9 504311 
650 7 |a INGLESES  |2 CL-VaPUC  |9 516759 
650 7 |a PIRATAS  |2 CL-VaPUC  |9 317855 
650 7 |a CORSARIOS  |2 CL-VaPUC  |9 317856 
650 7 |a BUCANEROS  |2 CL-VaPUC  |9 437599 
583 |a last modification  |c 20070124 00:00:00  |k Rodrigo Vera 
490 0 |a Obras Completas de Vicuña Mackenna, III y IV 
999 |c 323898  |d 323896 
952 |0 0  |1 0  |4 0  |6 983_000000000000000_VIC_1936  |7 0  |8 X  |9 403743  |a FDOBUD  |b FDOBUD  |d 2019-11-22  |h v.1  |i 1072188  |o 983 VIC 1936  |p 1072188  |r 2019-11-22  |w 2019-11-22  |y BK_X  |k BUD 
952 |0 0  |1 0  |4 0  |6 983_000000000000000_VIC_1936  |7 0  |8 X  |9 403744  |a FDOBUD  |b FDOBUD  |d 2019-11-22  |h v.2  |i 1072196  |o 983 VIC 1936  |p 1072196  |r 2019-11-22  |w 2019-11-22  |y BK_X  |k BUD